[Event "Bratto op-B 33rd"]
[Site "Bratto"]
[Date "2013.08.25"]
[Round "8"]
[White "Grazzi, Roberto"]
[Black "Drago, Paolo"]
[Result "1/2-1/2"]
[WhiteElo "2021"]
[BlackElo "1858"]
[PlyCount "70"]
[EventDate "2013.08.18"]
[EventType "swiss"]
[EventRounds "8"]
[EventCountry "ITA"]
[SourceTitle "EXT 2015"]
[Source "ChessBase"]
[SourceDate "2014.11.20"]
[SourceVersion "1"]
[SourceVersionDate "2014.11.20"]
[SourceQuality "1"]

1. e4 e6 2. d4 d5 3. Nc3 Nf6 4. Bg5 Bb4 5. e5 h6 6. Bd2 Bxc3 7. bxc3 Ne4 8. Bd3 Nxd2 9. Qxd2 c5 10. dxc5 Qa5 11. Ne2 Qxc5 12. 0-0 Nc6 13. Qf4 0-0 14. Qg3 f6 15. exf6 Rxf6 16. Nf4 e5 17. Nh5 Rf7 18. Bg6 Re7 19. Kh1 e4 20. f4 Qd6 21. f5 Qxg3 22. hxg3 Ne5 23. Nf4 Nxg6 24. Nxg6 Rf7 25. g4 b6 26. Rad1 Bb7 27. Nf4 Rd7 28. Rfe1 Re8 29. c4 d4 30. c3 d3 31. Nxd3 Red8 32. Nf2 Rxd1 33. Rxd1 Rxd1+ 34. Nxd1 Kf7 35. Kh2 Kf6 1/2-1/2

[Event "Bratto op-B 33rd"]
[Site "Bratto"]
[Date "2013.08.20"]
[Round "3"]
[White "Mortola, Alberto"]
[Black "Grazzi, Roberto"]
[Result "1/2-1/2"]
[WhiteElo "1936"]
[BlackElo "2021"]
[PlyCount "66"]
[EventDate "2013.08.18"]
[EventType "swiss"]
[EventRounds "8"]
[EventCountry "ITA"]
[SourceTitle "EXT 2015"]
[Source "ChessBase"]
[SourceDate "2014.11.20"]
[SourceVersion "1"]
[SourceVersionDate "2014.11.20"]
[SourceQuality "1"]

1. c4 Nf6 2. g3 g6 3. Bg2 Bg7 4. Nc3 0-0 5. Nf3 d6 6. d4 Nbd7 7. 0-0 e5 8. dxe5 Nxe5 9. Nxe5 dxe5 10. Bg5 Qxd1 11. Raxd1 c6 12. Rd6 Be6 13. Rfd1 h6 14. Bxf6 Bxf6 15. b3 Rfd8 16. Ne4 Be7 17. Rxd8+ Rxd8 18. Rxd8+ Bxd8 19. Nd6 b5 20. Bxc6 bxc4 21. Nxc4 Bxc4 22. bxc4 Bb6 23. g4 f6 24. Kg2 Kf8 25. Kf3 Ke7 26. e3 f5 27. h3 Kf6 28. gxf5 gxf5 29. h4 f4 30. exf4 exf4 31. Kxf4 Bxf2 32. h5 Ke6 33. Bd5+ Kd6 1/2-1/2